Statistics for Getaway Car lyrics

Click here to take the quiz!

General Stats

  • This quiz has been taken 274 times
  • The average score is 419 of 480

Answer Stats

Lyrics% Correct
I
100%
The
99%
the
99%
a
98%
get
97%
getaway
97%
In
97%
in,
97%
in
97%
It
97%
it
97%
was
97%
car
96%
We
96%
we
96%
(we're
96%
we're
96%
were
96%
where
96%
you
96%
You
96%
be
94%
time
94%
to
94%
and
93%
And
93%
drivin'
93%
Drivin'
93%
me
93%
no
92%
No,
92%
first
91%
met
91%
of
91%
But
90%
But,
90%
but
90%
go!"
90%
go,
90%
"Go,
90%
about
89%
He
89%
he
89%
my
89%
never
89%
Think
89%
place
88%
far
87%
It's
87%
it's
87%
win
87%
your
87%
best
86%
Don't
86%
worst
86%
nothing
85%
flyin'
84%
good
84%
leave
84%
pretend
84%
times,
84%
apart
83%
ever
83%
fell
83%
mystery
82%
side,
82%
side
82%
starts
82%
such
82%
crimes
81%
heart
81%
knew
81%
us,
81%
us
81%
Bonnie
80%
see
80%
shot
80%
spot
80%
we'd
80%
X
80%
Clyde,
79%
him,
79%
marks
79%
needed
79%
reason
79%
well,
79%
Well,
79%
didn't
78%
from
78%
cursed
77%
dark
77%
stole
77%
wanted
77%
bar
76%
beat
76%
had
76%
keys
76%
motel
76%
Old
76%
saw
76%
screaming,
76%
That
76%
last
75%
money
75%
white
75%
Fashioned,
74%
just
74%
left
74%
lying
74%
mean
74%
myself
74%
other
74%
ridin'
74%
Ridin'
74%
bag
73%
black,
73%
both
73%
'cause
73%
I'd
73%
love
73%
match
73%
mind
73%
poisoned
73%
until
73%
honey,
72%
I'm
72%
shotgun
72%
sorry
72%
sorry)
72%
drinking
71%
set,
71%
sirens
71%
switched
71%
There
71%
turned
71%
jet
70%
lies
70%
story
70%
blew
69%
like
69%
now
69%
on
69%
surprise
69%
three
69%
traitors
69%
known
68%
gray
67%
great
67%
Should've
67%
candlelight
66%
escape,
66%
shades
66%
sideshow
66%
break
65%
hit
65%
light
65%
prison
65%
Put
65%
running
65%
after
64%
thinking
64%
ties
64%
dyin'
63%
for
63%
weren't
63%
ain't
62%
struck
62%
with
62%
cryin'
61%
face
61%
freedom
61%
circus
59%
"goodbye"
58%
himself
58%
Said
57%
man
56%
every
55%
they
55%

Score Distribution

Percentile by Number Answered

Percent of People with Each Score

Your Score History

You have not taken this quiz